NPR Hosts Quiz Stats

 Plays Quiz Updated Apr 3, 2020

     
Support Sporcle.
Go Orange.
Score 0/16 Timer 05:00
0 Plays Today
Show Host(s) % Correct
This American LifeIra Glass
64.7%
A Prairie Home CompanionGarrison Keillor
60.8%
Fresh AirTerry Gross
57%
Car TalkTom and Ray Magliozzi
51.6%
Wait Wait... Don't Tell Me!Peter Sagal
34.8%
All Things ConsideredRobert Siegel, Audie Cornish, Ari Shapiro, Kelly McEvers, and Michel Martin
34.7%
MarketplaceKai Ryssdal
22.8%
Morning EditionSteve Inskeep and Renée Montagne
21.9%
Show Host(s) % Correct
Talk of the NationNeal Conan
20%
Talk of the Nation Science FridayIra Flatow
18.7%
Weekend EditionScott Simon and Liane Hansen
18.4%
Whad'ya Know?Michael Feldman
18.4%
On PointTom Ashbrook
10.4%
On the MediaBrooke Gladstone and Bob Garfield
9.5%
The Thistle & ShamrockFiona Ritchie
9.2%
The WorldLisa Mullins
5.4%

From the Vault

Cryptogram Quote

by razorz

Quotes are always more meaningful when you have to decipher them first.
Remove Ads.
Support Sporcle.
Get the best of Sporcle when you Go Orange. This ad-free experience offers more features, more stats, and more fun while also helping to support Sporcle. Thank you for becoming a member.

Show Comments

Extras

Top Quizzes Today


Score Distribution

Your Account Isn't Verified!

In order to create a playlist on Sporcle, you need to verify the email address you used during registration. Go to your Sporcle Settings to finish the process.

Report this User

Report this user for behavior that violates our Community Guidelines.

Details: